| Tag |
First Indicator |
Second Indicator |
Subfields |
| LEADER |
00000cam a22000008a 4500 |
| 001 |
in00001676413 |
| 005 |
20151024130828.0 |
| 008 |
010721s2002 gw a b 001 0 eng |
| 015 |
|
|
|a GBA1-W2757
|
| 020 |
|
|
|a 3527297731
|
| 035 |
|
|
|a (OCoLC)ocm47676544
|
| 040 |
|
|
|a UKM
|c UKM
|d OHX
|d OCLCQ
|d CUS
|d TXA
|d UtOrBLW
|
| 049 |
|
|
|a TXAM
|
| 072 |
|
7 |
|a QD
|2 lcco
|
| 082 |
0 |
4 |
|a 547.05652
|2 21
|
| 090 |
|
|
|a QD412.C9
|b M64 2002
|
| 245 |
0 |
0 |
|a Modern organocopper chemistry /
|c edited by Norbert Krause.
|
| 264 |
|
1 |
|a Weinheim :
|b Wiley-VCH,
|c 2002.
|
| 300 |
|
|
|a xiv, 377 pages :
|b illustrations ;
|c 25 cm.
|
| 336 |
|
|
|a text
|b txt
|2 rdacontent
|
| 337 |
|
|
|a unmediated
|b n
|2 rdamedia
|
| 338 |
|
|
|a volume
|b nc
|2 rdacarrier
|
| 504 |
|
|
|a Includes bibliographical references and indexes.
|
| 650 |
|
0 |
|a Oraganocopper compounds
|v Handbooks, manuals, etc.
|
| 700 |
1 |
|
|a Krause, Norbert.
|
| 938 |
|
|
|a Otto Harrassowitz
|b HARR
|n har015025175
|c 268.00 DEM
|
| 994 |
|
|
|a E0
|b TXA
|
| 948 |
|
|
|a cataloged
|b h
|c 2002/5/9
|d c
|e ceaton
|f 11:16:54 am
|
| 999 |
|
|
|a MARS
|
| 999 |
f |
f |
|s 15d772a4-b325-347a-913f-628e47919ac4
|i 2db9d78f-5b4f-31b0-877d-2c637179a900
|t 0
|
| 952 |
f |
f |
|p ric
|a Texas A&M University
|b Rellis Campus
|c Joint Library Facility
|d Remote Storage
|t 0
|e QD412.C9 M64 2002
|h Library of Congress classification
|i unmediated -- volume
|m A14828886689
|
| 998 |
f |
f |
|a QD412.C9 M64 2002
|t 0
|l Remote Storage
|